000 00563cam a22002291i 4500
001 sa 68020822
003 DLC
005 20260227112727.0
008 911104q19001968ii 000 0 maro
010 _asa 68020822
035 _a(OCoLC)24675656
040 _aDLC
_cWaU
_dDLC
042 _apremarc
050 0 0 _aPK2414
_b.N28.1964
245 0 0 _aNavanīta.
260 _c19--
300 _av. ;
_c22 cm.
500 _aIn Marathi.
650 0 _aMarathi poetry.
700 1 _aGodbole, Parasuramtatya Ballal,
_d1799-1874.
700 1 _aPriolkar, Anant Kakba.
999 _c89600
_d89600